000 01889 a2200301 4500
001 59350
005 20260407155847.0
008 260407a1973 arg spa d
003 AR-UNSa-BCEJYS
040 _aAR-UNSa-BCEJYS
_bspa
_cAR-UNSa-BCEJYS
080 _a330.34(7/8)
_xDesarrollo Económico de América Latina
245 1 0 _aLa integración lationamericana en una etapa de decisiones
264 1 _aBuenos Aires :
_bBID/INTAL (Banco Interamericano de Desarrollo. Instituto para la integración de América Latina)
_c1973
300 _a193 p.
_c22 cm.
505 _a1. Causas y efectos de los procesos de integración económica en el mundo actual, por Sir Eric Wyndham-White - 2. El Segundo Decenio para el desarrollo y la integración económica regional, por Bela Balassa - 3. La integración económica en América Latina, por Raúl Prebisch - 4. La integración económica latinoamericana en la planificación nacional del desarrollo, por Enrique Iglesias - 5. Los aspectos políticos y sociales de la integración de América Latina, por Carlos Lleras Restrepo - 6. La ALALC: La experiencia de una evolución de once años, por Gustavo Magariños - 7. Visión crítica de la ALALC, por Alberto Solá - 8. El grupo Andino y el poder de la acción solidaria, por Germánico Salgado Peñaherrera - 9. La comunidad económica Europea y la integración, por Jean Rey - 10. Experiencia de los países de menor dimensión económica en el proceso integracionista europeo, por Ramón Tamames
942 _cBK
590 _aniveau_biblio:m niveau_hierar:0
100 1 _aWyndham- White, Eric
700 1 _aBalassa, Bela
700 1 _aPrebisch, Raúl
700 1 _aIglesias, Enrique
700 1 _aLleras Restrepo, Carlos
700 1 _aMagariños, Gustavo
700 1 _aSolá, Alberto
700 1 _aSalgado P., Germánico
700 1 _aRey, Jean
700 1 _aTamames, Ramón
999 _c6656
_d6656